A study into the profitability of government companies with reference to selected running concerns (Record no. 345275)

000 -LEADER
fixed length control field 00510cam a22001457a 4500
008 - FIXED-LENGTH DATA ELEMENTS--GENERAL INFORMATION
fixed length control field 180718b1977 xxu||||| |||| 00| 0 eng d
082 ## - DEWEY DECIMAL CLASSIFICATION NUMBER
Classification number U61x54 G959s
100 ## - MAIN ENTRY--PERSONAL NAME
Personal name Gupta, L.N.
245 ## - TITLE STATEMENT
Title A study into the profitability of government companies with reference to selected running concerns
Statement of responsibility, etc. by L.N. Gupta
260 ## - PUBLICATION, DISTRIBUTION, ETC.
Place of publication, distribution, etc. New Delhi
Name of publisher, distributor, etc. Oxford and IBH
Date of publication, distribution, etc. 1977
300 ## - PHYSICAL DESCRIPTION
Extent 169p.
650 ## - SUBJECT ADDED ENTRY--TOPICAL TERM
Topical term or geographic name entry element National Coal Development Corporation Ltd.
650 ## - SUBJECT ADDED ENTRY--TOPICAL TERM
Topical term or geographic name entry element Hindustan Steel Ltd.
650 ## - SUBJECT ADDED ENTRY--TOPICAL TERM
Topical term or geographic name entry element Government corporations - India
Holdings
Withdrawn status Lost status Damaged status Not for loan Permanent Location Current Location Date acquired Full call number Barcode Date last seen Price effective from Koha item type
        Indian Institute of Public Administration Indian Institute of Public Administration 1993-10-07 U61x54 G959s 53225 2018-07-21 2018-07-21 Book

Powered by Koha